Every Class 2 Minnesota Senator - Statistics

General Stats
  • This quiz has been taken 34 times
  • The average score is 11 of 28
Answer Stats
Picture Hint Answer % Correct
D(2009-2018) Al Franken
83%
D(1949-1964) Hubert Humphrey
83%
R(2003-2009) Norm Coleman
83%
D(2018-) Tina Smith
83%
D(1964-1976) Walter Mondale
83%
I(2002-2003) Dean Barkley
50%
FL(1935-1936) Elmer A. Benson
50%
D(1991-2002) Paul D. Wellstone
50%
R(1978-1991) Rudolph E. Boschwitz
50%
D(1976-1978) Wendell R. Anderson
50%
R(1942-1943) Arthur E. Nelson
33%
FL(1937-1940) Ernest Lundeen
33%
R(1895-1923) Knute Nelson
33%
FL(1923-1925) Magnus Johnson
33%
R(1925-1935) Thomas D. Schall
33%
R(1881-1881) A. J. Edgerton
17%
R(1865-1870) Daniel S. Norton
17%
R(1883-1889) Dwight M. Sabin
17%
R(1936-1937) Guy V. Howard
17%
D(1858-1859) James Shields
17%
R(1943-1949) Joseph H. Ball
17%
R(1940-1942) Joseph H. Ball
17%
R(1859-1865) Morton S. Wilkinson
17%
R(1871-1871) Ozora P. Stearns
17%
R(1889-1895) William D. Washburn
17%
R(1881-1883) William Windom
17%
R(1871-1881) William Windom
17%
R(1870-1871) William Windom
17%
No matching quizzes found
Score Distribution
Percent of People with Each Score
Percentile by Number Answered
Your Score History
You have not taken this quiz